Education policy: role teachers can play (Record no. 36445)

000 -LEADER
fixed length control field 00386pab a2200169 454500
008 - FIXED-LENGTH DATA ELEMENTS--GENERAL INFORMATION
fixed length control field 180718b1997 xxu||||| |||| 00| 0 eng d
100 ## - MAIN ENTRY--PERSONAL NAME
Personal name Atma Ram
245 ## - TITLE STATEMENT
Title Education policy: role teachers can play
260 ## - PUBLICATION, DISTRIBUTION, ETC.
Date of publication, distribution, etc. 1997
300 ## - PHYSICAL DESCRIPTION
Extent p.8
362 ## - DATES OF PUBLICATION AND/OR SEQUENTIAL DESIGNATION
Dates of publication and/or sequential designation 1 Oct
650 ## - SUBJECT ADDED ENTRY--TOPICAL TERM
Topical term or geographic name entry element Educational policy
650 ## - SUBJECT ADDED ENTRY--TOPICAL TERM
Topical term or geographic name entry element Teaching
650 ## - SUBJECT ADDED ENTRY--TOPICAL TERM
Topical term or geographic name entry element Education
773 ## - HOST ITEM ENTRY
Main entry heading Statesman
909 ## -
-- 36445
Holdings
Withdrawn status Lost status Damaged status Not for loan Permanent Location Current Location Date acquired Barcode Date last seen Price effective from Koha item type
        Indian Institute of Public Administration Indian Institute of Public Administration 2018-07-19 AR36761 2018-07-19 2018-07-19 Articles

Powered by Koha